| 000 | 00459nam a22001817a 4500 | ||
|---|---|---|---|
| 005 | 20250703123608.0 | ||
| 008 | 250703b |||||||| |||| 00| 0 eng d | ||
| 020 |
_a9780755301140 _qpbk |
||
| 041 | _aeng | ||
| 082 | _a823.92 SCA | ||
| 100 | _aScarrow Simon | ||
| 245 |
_aThe Eagle And The Wolves _c/ SCARROW SIMON |
||
| 250 | _a1st ed | ||
| 260 |
_aLondon _bHeadline _c2003 |
||
| 300 |
_a432P. : _c20CM |
||
| 650 | _aEnglish Fiction | ||
| 942 | _cENGLISH | ||
| 999 |
_c574680 _d574680 |
||